000 01082nam a22002895i 4500
003 EG-ScBUE
005 20260330092242.0
008 180418s2007 mx a f b 000 0 eng d
020 _a9689128043
040 _aEG-ScBUE
_beng
_erda
_cEG-ScBUE
_dEG-ScBUE
082 0 4 _a598.1
_bBIR
_222
245 0 0 _aBirds and people :
_bbonds in a timeless journey /
_cNigel J. Collar [and three others] ; preface H. I. H. Princess Takamado ; foreword Robert Bateman ; text Nigel J. Collar.
250 _aFirst English edition.
264 1 _aMexico City :
_bCEMEX,
_c2007.
300 _a355 pages :
_bcolor illustrations ;
_c24 cm.
336 _2rdacontent
_atext
_btxt
337 _aunmediated
_2rdamedia
_bn
338 _avolume
_bnc
_2rdacarrier
490 0 _aCemex books on nature
504 _aIncludes bibliographical references.
650 7 _aBirds
_vPictorial works.
_2BUEsh
653 _bGGEN
_cApril2018
655 _vReading book
700 0 _aTakamado no Miya Hisako,
_d1953-
_eauthor of introduction, etc.
942 _2ddc
_cBB
999 _c26534
_d26506